Piscinas: proyectos y construcción

Opis bibliograficzny
1. autor: Cusa, Juan de
Format: Różne nośniki
Język:Spanish
Wydanie:7a 3ed.
Seria:Monografías CEAC sobre Construcción y Arquitectura
Hasła przedmiotowe:

MARC

LEADER 00000csc a2200000 a 4500
001 71421
003 Ucuenca
005 20230308212932.0
008 000000|1965 sp |||||r|||||||||||spa||
040 |b spa 
041 0 |a spa 
082 0 |a 725.7 
100 1 |a Cusa, Juan de.  |9 36927 
245 |a Piscinas: proyectos y construcción  |c Juan de Cusa Ramos  |h imp 
250 |a 7a 3ed. 
264 |a Barcelona  |b Ceac  |c 1965 
300 |a 225 páginas:  |b ilu  |c 22 cm 
490 |a Monografías CEAC sobre Construcción y Arquitectura  |n no. 36 
650 0 |a Piscinas  |9 44346 
650 0 |a Construccion de piscinas  |9 147437 
650 0 |a Proyectos arquitectónicos  |9 33258 
650 0 |a Diseños arquitectónicos  |9 17616 
852 |a UC-CDJBV  |f Compra  |l 1  |m General  |p 00000000  |q 3.00  |r 2  |t 71421  |b 0  |d CDRC  |e CDRC  |g 725.7 SEGUNDO PISO  |z 0000-00-00 
942 |c CR  |2 ddc  |z ivan.verdugo@ucuenca.edu.ec  |0 1 
999 |c 123864  |d 123864